Hydrocarbons by Picture - Statistics

General Stats
  • This quiz has been taken 162 times
  • The average score is 9 of 15
Answer Stats
Picture Answer % Correct
Butane
98%
Hexane
87%
Octane
85%
Decane
74%
Propene
72%
Cyclopentane
66%
Pentene
65%
Cyclohexane
63%
Pentyne
56%
Butyne
55%
Nonene
55%
Dodecane
50%
Cyclononane
42%
Butadiene
30%
Octadiene
27%
No matching quizzes found
Score Distribution
Percent of People with Each Score
Percentile by Number Answered
Your Score History
You have not taken this quiz